000 00717cam a2200229 4500
001 J2934
008 090401t1995 xxu||||| |||| 00| 0 eng d
035 _a(Sirsi) u52044
041 _aeng
050 _a332.6324
110 _aBarber White Property Economics
_91805
245 _aProperty and inflation: the hedging characteristics of commercial property.
260 _aLondon
_bBarber White Property Economics
_c1995
300 _a80,(34)p. ; 21cm.
350 _a175
650 _aPROPERTY-COMMERCIAL PROPERTY
650 _aPROPERTY AND INFLATION
650 _aPROPERTY INVESTMENT
690 _aPROPERTY-COMMERCIAL PROPERTY-COMMERCIAL PROPERTY FINANCE AND INVESTMENT
942 _n0
948 _c04/03/1997
999 _c92985
_d92985